000 00740nam a2200193 a 4500
003 0
005 20250430102159.0
008 080527s19uu xx 00 eng d
050 _aPHS BF 697
_b.C33 2005
100 _aCabanas, Mari-Ann C.
245 _aVanity and its effect among male adolescents in Southville International School and Colleges /
_cMari-Ann C. Cabanas.
260 _aLas PiƱas City, Philippines :
_bSouthville International School and Colleges,
_c2005.
300 _aunnumbered pages :
_billustrations ;
_c28 cm.
504 _aIncludes bibliographical references.
650 _aVanity
_xPsychological aspects.
650 _aSelf-perception in adolescence.
650 _aMale adolescents
_xPsychology.
942 _2lcc
_cPASS
999 _c97199
_d97199